<?xml version="1.0" encoding="UTF-8"?>
<record
    xmlns:xsi="http://www.w3.org/2001/XMLSchema-instance"
    xsi:schemaLocation="http://www.loc.gov/MARC21/slim http://www.loc.gov/standards/marcxml/schema/MARC21slim.xsd"
    xmlns="http://www.loc.gov/MARC21/slim">

  <leader>01226nam a22003017a 4500</leader>
  <controlfield tag="005">20080929101452.0</controlfield>
  <controlfield tag="008">080929t        xxu||||| |||| 00| 0chin d</controlfield>
  <datafield tag="010" ind1=" " ind2=" ">
    <subfield code="a">HIN-92237</subfield>
  </datafield>
  <datafield tag="020" ind1=" " ind2=" ">
    <subfield code="c">225.00</subfield>
    <subfield code="a">9788181501042</subfield>
  </datafield>
  <datafield tag="035" ind1=" " ind2=" ">
    <subfield code="a">HN-64583</subfield>
  </datafield>
  <datafield tag="037" ind1=" " ind2=" ">
    <subfield code="b">DBAD / PUB</subfield>
  </datafield>
  <datafield tag="040" ind1=" " ind2=" ">
    <subfield code="a">DPL</subfield>
    <subfield code="b">HN</subfield>
  </datafield>
  <datafield tag="082" ind1=" " ind2=" ">
    <subfield code="a">230</subfield>
  </datafield>
  <datafield tag="100" ind1=" " ind2=" ">
    <subfield code="9">26640</subfield>
    <subfield code="a">&#x935;&#x93F;&#x928;&#x94B;&#x926; &#x92C;&#x93F;&#x939;&#x93E;&#x930;&#x940; &#x932;&#x93E;&#x932;</subfield>
  </datafield>
  <datafield tag="245" ind1=" " ind2=" ">
    <subfield code="a">&#x91C;&#x940;&#x935;&#x928; &#x932;&#x915;&#x94D;&#x937;&#x94D;&#x92F; /</subfield>
    <subfield code="c">&#x935;&#x93F;&#x928;&#x94B;&#x926; &#x92C;&#x93F;&#x939;&#x93E;&#x930;&#x940; &#x932;&#x93E;&#x932;</subfield>
  </datafield>
  <datafield tag="250" ind1=" " ind2=" ">
    <subfield code="a">2&#x930;&#x93E; &#x938;&#x902;&#x938;&#x94D;&#x915;</subfield>
  </datafield>
  <datafield tag="260" ind1=" " ind2=" ">
    <subfield code="a">&#x928;&#x908; &#x926;&#x93F;&#x932;&#x94D;&#x932;&#x940;</subfield>
    <subfield code="b">&#x905;&#x930;&#x93E;&#x935;&#x932;&#x940; &#x92C;&#x941;&#x915;&#x94D;&#x938; &#x907;&#x902;&#x91F;&#x930;&#x928;&#x947;&#x936;&#x928;&#x932;</subfield>
    <subfield code="c">2010</subfield>
  </datafield>
  <datafield tag="270" ind1=" " ind2=" ">
    <subfield code="a">&#x921;&#x92C;&#x94D;&#x932;&#x94D;&#x92F;&#x942; 30, &#x913;&#x916;&#x932;&#x93E; &#x907;&#x902;&#x921;&#x938;&#x94D;&#x91F;&#x94D;&#x930;&#x93F;&#x92F;&#x932; &#x90F;&#x930;&#x93F;&#x92F;&#x93E;, &#x92B;&#x947;&#x91C;-11</subfield>
    <subfield code="b">&#x928;&#x908; &#x926;&#x93F;&#x932;&#x94D;&#x932;&#x940;</subfield>
    <subfield code="e">110020</subfield>
    <subfield code="k">26388830-32</subfield>
    <subfield code="l">011- 26388829</subfield>
    <subfield code="m">aravliprinters@rediffmail.com</subfield>
  </datafield>
  <datafield tag="300" ind1=" " ind2=" ">
    <subfield code="a">176&#x92A;&#x943;.</subfield>
    <subfield code="c">22&#x938;&#x947;&#x92E;&#x940; (&#x905;&#x91C;&#x93F;&#x932;&#x94D;&#x926;)</subfield>
  </datafield>
  <datafield tag="650" ind1=" " ind2=" ">
    <subfield code="9">697</subfield>
  </datafield>
  <datafield tag="650" ind1=" " ind2=" ">
    <subfield code="9">26674</subfield>
  </datafield>
  <datafield tag="650" ind1=" " ind2=" ">
    <subfield code="9">698</subfield>
  </datafield>
  <datafield tag="700" ind1=" " ind2=" ">
    <subfield code="9">26643</subfield>
  </datafield>
  <datafield tag="700" ind1=" " ind2=" ">
    <subfield code="9">27078</subfield>
  </datafield>
  <datafield tag="710" ind1=" " ind2=" ">
    <subfield code="9">26662</subfield>
  </datafield>
  <datafield tag="942" ind1=" " ind2=" ">
    <subfield code="2">ddc</subfield>
    <subfield code="c">HN</subfield>
    <subfield code="h">230</subfield>
    <subfield code="m">&#x935;&#x93F;&#x928;&#x94B;&#x926; </subfield>
  </datafield>
  <datafield tag="999" ind1=" " ind2=" ">
    <subfield code="c">51436</subfield>
    <subfield code="d">51436</subfield>
  </datafield>
  <datafield tag="952" ind1=" " ind2=" ">
    <subfield code="0">0</subfield>
    <subfield code="1">0</subfield>
    <subfield code="2">ddc</subfield>
    <subfield code="4">0</subfield>
    <subfield code="7">1</subfield>
    <subfield code="8">NFIC</subfield>
    <subfield code="a">DBAD</subfield>
    <subfield code="b">DBAD</subfield>
    <subfield code="d">2011-04-05</subfield>
    <subfield code="e">DBAD /PUB</subfield>
    <subfield code="g">225.00</subfield>
    <subfield code="l">0</subfield>
    <subfield code="o">230 &#x935;&#x93F;&#x928;&#x94B;&#x926;</subfield>
    <subfield code="p">HN-64583</subfield>
    <subfield code="r">2011-04-05 00:00:00</subfield>
    <subfield code="t">1</subfield>
    <subfield code="v">225.00</subfield>
    <subfield code="w">2011-04-05</subfield>
    <subfield code="y">HN</subfield>
  </datafield>
</record>
